000 00561nam a2200181Ia 4500
001 138118
003 230245
005 20241022063105.0
008 ||||||n9999 ||| || ||
082 _a344.04
100 _aArdila Parra , Gloria
_9169053
245 0 _aIncidencia de los modelos del sistema nacional de salud en la calidad y prestación de servicios a los usuarios
562 _e1
650 _aPRESTACIÓN DE SERVICIOS DE SALUD
_990309
650 0 _aSalud pública
_93982
650 _aSISTEMAS NACIONALES DE SALUD
_9169054
942 _cTESIS
999 _c138118
_d138118